Government Finance Statistics to Strengthen Fiscal Analysis.

This paper seeks Board approval of a phased migration strategy for implementing the GFSM 2001 as the standard for Fund fiscal data. The financial crisis has underscored the need for better and more comparable fiscal data, including on government assets and liabilities. In 2005, the Board endorsed th...

Descrizione completa

Dettagli Bibliografici
Ente Autore: International Monetary Fund
Natura: Periodico
Lingua:English
Pubblicazione: Washington, D.C. : International Monetary Fund, 2010.
Serie:Policy Papers; Policy Paper ; No. 2010/012
Accesso online:Full text available on IMF
LEADER 01926cas a2200241 a 4500
001 AALejournalIMF020032
008 230101c9999 xx r poo 0 0eng d
020 |c 5.00 USD 
020 |z 9781498337847 
022 |a 2663-3493 
040 |a BD-DhAAL  |c BD-DhAAL 
110 2 |a International Monetary Fund. 
245 1 0 |a Government Finance Statistics to Strengthen Fiscal Analysis. 
264 1 |a Washington, D.C. :  |b International Monetary Fund,  |c 2010. 
300 |a 1 online resource (24 pages) 
490 1 |a Policy Papers 
500 |a <strong>Off-Campus Access:</strong> No User ID or Password Required 
500 |a <strong>On-Campus Access:</strong> No User ID or Password Required 
506 |a Electronic access restricted to authorized BRAC University faculty, staff and students 
520 3 |a This paper seeks Board approval of a phased migration strategy for implementing the GFSM 2001 as the standard for Fund fiscal data. The financial crisis has underscored the need for better and more comparable fiscal data, including on government assets and liabilities. In 2005, the Board endorsed the Government Finance Statistics Manual 2001 (GFSM 2001) and asked staff to propose a migration strategy for the Fund, based on lessons to be drawn from conducting pilot studies. The pilot studies and other tests confirmed that some aspects of the GFSM 2001 methodology (primarily relating to presentation) can be implemented by staff with relatively modest resource needs, while other aspects can proceed meaningfully only after member countries have made sufficient progress in their own fiscal reporting-including in detailed balance sheet breakdowns, and in strengthening underlying accounting systems. 
538 |a Mode of access: Internet 
830 0 |a Policy Papers; Policy Paper ;  |v No. 2010/012 
856 4 0 |z Full text available on IMF  |u http://elibrary.imf.org/view/journals/007/2010/012/007.2010.issue-012-en.xml  |z IMF e-Library